|
|
|
|
| LEADER |
00000nam a2200000 a 4500 |
| 001 |
vtls001419888 |
| 003 |
SK-MaSNL |
| 005 |
20260301012758.0 |
| 008 |
240315s2001 xo a r slo |
| 015 |
|
|
|a SNBA2002/02-00659
|
| 020 |
|
|
|a 8071583186
|
| 035 |
|
|
|a SNK000374715
|
| 035 |
|
|
|a urn:nbn:sk:snk-amlrmw
|
| 035 |
|
|
|a urn:nbn:sk:snk-am00c9xq
|
| 035 |
|
|
|a EEDC4E1F-1025-4A72-928F-6DD43D1CB199
|
| 040 |
|
|
|a SNK
|b slo
|c SNK
|e AACR2
|
| 041 |
0 |
|
|a slo
|
| 044 |
|
|
|a xo
|c SK
|
| 080 |
|
|
|a 372.47(075.2)(076.5)
|2 1981
|
| 100 |
1 |
|
|a Černek, Pavol,
|d 1952-
|4 aut
|9 7554
|
| 245 |
1 |
|
|a Matematika pre každého druháka. [Pracovný zošit]
|b zbierka úloh pre 2. ročník ZŠ
|c [autori Pavol Černek, Vladimír Repáš, Anna Černeková]
|
| 250 |
|
|
|a 6. vyd.
|
| 260 |
|
|
|a Bratislava
|b Orbis Pictus Istropolitana
|c 2001
|
| 300 |
|
|
|a 64 s.
|b ilustr.
|c 30 cm
|
| 500 |
|
|
|a Ilustr. na tit. strane
|
| 500 |
|
|
|a Údaj o aut. prevzatý z obalu
|
| 500 |
|
|
|a Ilustr. Jaroslava Kolačková
|
| 650 |
0 |
7 |
|a matematika
|x učebnice zákl. škôl (2. roč.)
|x zbierky úloh
|x zošity pracovné
|2 SNK
|9 298378
|
| 655 |
|
7 |
|a učebnice
|2 SNK
|9 22521
|
| 700 |
1 |
|
|a Repáš, Vladimír
|4 aut
|9 213413
|
| 700 |
1 |
|
|a Černeková, Anna
|4 aut
|9 43273
|
| 700 |
1 |
|
|a Kolačková, Jarka,
|d 1953-
|4 ill
|9 8415
|
| 919 |
|
|
|a 80-7158-318-6
|
| 958 |
|
|
|a TL
|
| 958 |
|
|
|a UX
|
| 999 |
|
|
|c 554367
|d 556297
|
| 952 |
|
|
|t P60, <09>, [BOOK], {629}
|a SNK
|b SNK
|y NEVYP
|7 0
|o snkB 213
|i snk810/20010912
|0 0
|1 0
|4 0
|d 2001-09-11
|l 0
|r 2005-01-02 00:00:00
|w 2026-02-23
|
| 952 |
|
|
|t P60, <03>, [BOOK], {603}
|a SNK
|b SNK
|y PREZ
|7 0
|p 17A0314691
|o snkSB 63899
|i snkKSP 10608/2001
|0 0
|1 0
|4 0
|d 2001-09-11
|f 1
|l 0
|r 2025-04-17 00:00:00
|w 2026-02-23
|
| 952 |
|
|
|t P60, <04>, [BOOK], {604}
|a SNK
|b SNK
|y VYP
|7 0
|p 17A0314692
|o snkSB 63899 D1
|i snkKSP 10609/2001
|0 0
|1 0
|4 0
|d 2001-09-11
|l 0
|r 2005-01-02 00:00:00
|w 2026-02-23
|